Innovative approaches to examining consumer preferences when choosing wines

Prieskum meraním elektrickej aktivity mozgu cez elektroencefalografiu a softvér analyzujúci vyjadrenia tváre. Podstata a význam neuromarketingu pri propagácii produktu.

Gespeichert in:
Bibliographische Detailangaben
1. Verfasser: Horská, Elena
Format: Buchkapitel
Sprache:Englisch
Schlagworte:
Tags: Tag hinzufügen
Keine Tags, Fügen Sie das erste Tag hinzu!

MARC

LEADER 00000naa a2200000 4500
001 0216056
005 20221019173935.4
041 0 |a eng 
044 |a CZ 
245 1 0 |a Innovative approaches to examining consumer preferences when choosing wines  |c Elena Horská ... [et al.] 
520 |a Prieskum meraním elektrickej aktivity mozgu cez elektroencefalografiu a softvér analyzujúci vyjadrenia tváre. Podstata a význam neuromarketingu pri propagácii produktu. 
610 2 0 |a neuromarketing 
610 2 0 |a preferencie spotrebiteľské 
610 2 0 |a emócie 
610 2 0 |a inovácia 
100 1 |a Horská, Elena